Poštovní banky využívají brazilští indiáni i evropští byznysmeni

Poštovné banky a poštovné sporiteľne vo svete. Jednotlivé faktory, ktorými sa odlišujú poštové banky v regiónoch Európy a Severnej Ameriky. Konkrétny pohľad na fungovanie poštovných bánk - príklad Dutch Postbanka alebo Deutsche Postbank. Poštovné bankovníctvo v Českej republike.

Na minha lista:
Detalhes bibliográficos
Autor principal: Dolanská, Vlasta
Formato: Capítulo de Livro
Idioma:tcheco
Assuntos:
Tags: Adicionar Tag
Sem tags, seja o primeiro a adicionar uma tag!

MARC

LEADER 00000naa$a2200000$$$4500
001 0039220
005 20231010085753.1
041 0 |a cze 
044 |a CZ 
245 1 0 |a Poštovní banky využívají brazilští indiáni i evropští byznysmeni  |c Vlasta Dolanská 
520 |a Poštovné banky a poštovné sporiteľne vo svete. Jednotlivé faktory, ktorými sa odlišujú poštové banky v regiónoch Európy a Severnej Ameriky. Konkrétny pohľad na fungovanie poštovných bánk - príklad Dutch Postbanka alebo Deutsche Postbank. Poštovné bankovníctvo v Českej republike. 
610 2 0 |a banky poštové 
610 2 0 |a banky poštové 
610 2 0 |a bankovníctvo 
610 2 0 |a pošty 
610 2 0 |a služby finančné 
610 2 0 |a svet 
610 2 0 |a produkty 
610 2 0 |a Severná Amerika 
610 2 0 |a Európa 
610 2 0 |a Česko 
100 1 |a Dolanská, Vlasta